| 000 | 00849cam a2200229 a 4500 | ||
|---|---|---|---|
| 001 | 000018737 | ||
| 005 | 20200929165841.0 | ||
| 008 | 950919s1969 sp r 000 j spa d | ||
| 040 |
_aDO-SdBNP _bspa _cBNPHU |
||
| 082 |
_a863.64 _bD353p, 1969 |
||
| 100 | 1 |
_aDelibes, Miguel, _d1910-2010 _940435 |
|
| 245 | 1 | 3 |
_aLa partida / _cMiguel Delibes. |
| 250 | _a2a ed. | ||
| 260 |
_aMadrid : _bAlianza, _c1969. |
||
| 300 |
_a175 p. ; _c18 cm. |
||
| 490 | 1 | _aEl libro de bolsillo | |
| 490 | 1 |
_aLiteratura _v60 |
|
| 500 | _aLa partida. -- El refugio. -- Una peseta para el tranvía. -- El manguero. -- El campeonato. -- El traslado. -- El primer pitillo. -- La contradicción. -- En una noche así. -- La conferencia. | ||
| 650 | 4 |
_aCuentos españoles _93194 |
|
| 650 | 4 |
_aLiteratura española _9632 |
|
| 830 | 0 |
_aEl libro de bolsillo ; _pLiteratura _v60 _98060 |
|
| 999 |
_c18257 _d18257 |
||